MAIORES CIDADES DOS ESTADOS QUE COMEÇAM COM A LETRA C - Statistics

Estatísticas Gerais
  • Esse quiz foi jogado 80 vezes
  • A pontuação média é 14 de 27
Estatísticas das Respostas
ESTADO RESPOSTA POPULAÇÃO POSIÇÃO NO ESTADO % Correto
PARAÍBA CAMPINA GRANDE 419.379
87%
MATO GROSSO CUIABÁ 650.912
86%
MATO GROSSO DO SUL CAMPO GRANDE 897.938
84%
PIAUÍ CAMPO MAIOR 45.793
84%
SÃO PAULO CAMPINAS 1.139.047
83%
PARANÁ CURITIBA 1.773.718
81%
MARANHÃO CAXIAS 156.970
80%
RIO GRANDE DO SUL CAXIAS DO SUL 463.338
80%
RIO DE JANEIRO CAMPOS DOS GOYTACAZES 483.540
62%
MINAS GERAIS CONTAGEM 621.863
62%
SANTA CATARINA CHAPECÓ 254.785
58%
DISTRITO FEDERAL CEILÂNDIA 287.023
57%
PERNAMBUCO CARUARU 361.118
55%
CEARÁ CAUCAIA 355.679
52%
BAHIA CAMAÇARI 299.579
51%
ACRE CRUZEIRO DO SUL 91.888
51%
ESPÍRITO SANTO CARIACICA 353.510
48%
PARÁ CASTANHAL 192.256
30%
RONDÔNIA CACOAL 86.895
28%
GOIÁS CATALÃO 114.427 11º
28%
AMAZONAS COARI 70.616
28%
ALAGOAS CORURIPE 50.414 10º
22%
RIO GRANDE DO NORTE CEARÁ-MIRIM 79.115
20%
RORAIMA CARACARAÍ 20.957
16%
AMAPA CALÇOENE 10.612 10º
12%
SERGIPE CAPELA 31.645 14º
7%
TOCANTINS COLINAS DO TOCANTINS 34.233
7%
Nenhum quiz correspondente encontrado
Distribuição das Pontuações
Porcentagem de Pessoas com Cada Pontuação
Percentil de Números Respondidos
Sua Pontuação Histórica
Você não jogou esse quiz